|
|
|
|
| LEADER |
02057nam a2200517 i 4500 |
| 001 |
nkc20233501054 |
| 003 |
CZ PrNK |
| 005 |
20230308082525.0 |
| 007 |
ta |
| 008 |
230221s2022 xr a e p 000 0 cze |
| 015 |
|
|
|a cnb003501054
|
| 020 |
|
|
|a 978-80-7561-399-8
|q (brožováno)
|
| 035 |
|
|
|a (OCoLC)1375350481
|
| 040 |
|
|
|a ABA001
|b cze
|d BOA001
|e rda
|
| 072 |
|
7 |
|a 796
|x Sport. Hry. Tělesná cvičení
|2 Konspekt
|9 20
|
| 072 |
|
7 |
|a 37.016
|x Učební osnovy. Vyučovací předměty. Učebnice
|2 Konspekt
|9 22
|
| 080 |
|
|
|a 796.012.6:37.016
|2 MRF
|
| 080 |
|
|
|a 796.41
|2 MRF
|
| 080 |
|
|
|a 37.016.026
|2 MRF
|
| 080 |
|
|
|a (075.8)
|2 MRF
|
| 100 |
1 |
|
|a Kabešová, Hana
|7 mzk2018995876
|4 aut
|
| 245 |
1 |
0 |
|a Učíme se učit gymnastiku :
|b metodika nácviku gymnastických prvků /
|c Hana Kabešová, Lenka Černá
|
| 250 |
|
|
|a Vydání první
|
| 264 |
|
1 |
|a Ústí nad Labem :
|b Univerzita J.E. Purkyně v Ústí nad Labem,
|c 2022
|
| 300 |
|
|
|a 61 stran :
|b barevné ilustrace ;
|c 30 cm
|
| 336 |
|
|
|a text
|b txt
|2 rdacontent
|
| 337 |
|
|
|a bez média
|b n
|2 rdamedia
|
| 338 |
|
|
|a svazek
|b nc
|2 rdacarrier
|
| 500 |
|
|
|a Na obálce nad názvem: Univerzita Jana Evangelisty Purkyně, Pedagogická fakulta, katedra tělesné výchovy a sportu
|
| 500 |
|
|
|a 70 výtisků
|
| 504 |
|
|
|a Obsahuje bibliografii
|
| 650 |
0 |
7 |
|a tělesná výchova
|7 ph116513
|2 czenas
|
| 650 |
0 |
7 |
|a gymnastika
|7 ph120626
|2 czenas
|
| 650 |
0 |
7 |
|a předmětová didaktika
|7 ph162893
|2 czenas
|
| 650 |
0 |
9 |
|a physical education and training
|2 eczenas
|
| 650 |
0 |
9 |
|a gymnastics
|2 eczenas
|
| 650 |
0 |
9 |
|a teaching school subjects
|2 eczenas
|
| 655 |
|
7 |
|a učebnice vysokých škol
|7 fd133772
|2 czenas
|
| 655 |
|
9 |
|a textbooks (higher)
|2 eczenas
|
| 700 |
1 |
|
|a Černá, Lenka
|7 xx0146999
|4 aut
|
| 710 |
2 |
|
|a Univerzita J.E. Purkyně v Ústí nad Labem.
|b Katedra tělesné výchovy a sportu
|7 ko2014821117
|4 isb
|
| 910 |
2 |
|
|a BOA001
|b 4-1504.409
|
| 990 |
|
|
|a BK
|
| 995 |
|
|
|a 01
|
| 991 |
|
|
|b 202302
|c NOV
|
| 996 |
6 |
|
|b 2610931207
|c 4-1504.409
|l MZK
|r Sklad / do 1 hodiny
|n 3
|p p.v.
|w 001915727
|u 000010
|a 1
|e BOA001
|j MZK50
|s P
|